Optimization and Modelling of Toll Operations on a Freeway, M-1 Islamabad Interchange Using Vissim Simmulations (Record no. 553957)
[ view plain ]
| 000 -LEADER | |
|---|---|
| fixed length control field | 00458nam a22001457a 4500 |
| 082 ## - DEWEY DECIMAL CLASSIFICATION NUMBER | |
| Classification number | P-735 |
| 100 ## - MAIN ENTRY--PERSONAL NAME | |
| Personal name | Capt Omair Bin Saleem |
| 9 (RLIN) | 51204 |
| 245 ## - TITLE STATEMENT | |
| Title | Optimization and Modelling of Toll Operations on a Freeway, M-1 Islamabad Interchange Using Vissim Simmulations |
| 260 ## - PUBLICATION, DISTRIBUTION, ETC. | |
| Place of publication, distribution, etc. | Risalpur, |
| Name of publisher, distributor, etc. | MCE, |
| Date of publication, distribution, etc. | 2017. |
| 300 ## - PHYSICAL DESCRIPTION | |
| Extent | 92P. |
| 526 ## - STUDY PROGRAM INFORMATION NOTE | |
| Program name | 0 |
| Interest level | 0 |
| Reading level | 0 |
| Title point value | P_735 |
| 650 ## - SUBJECT ADDED ENTRY--TOPICAL TERM | |
| Topical term or geographic name entry element | Transportation |
| Topical term following geographic name entry element | Syn#3 |
| 9 (RLIN) | 51205 |
| 700 ## - ADDED ENTRY--PERSONAL NAME | |
| Personal name | Col Dr Muhammad Irfan |
| 9 (RLIN) | 51206 |
| 942 ## - ADDED ENTRY ELEMENTS (KOHA) | |
| Source of classification or shelving scheme | |
| Koha item type | Book |
| Withdrawn status | Lost status | Source of classification or shelving scheme | Damaged status | Not for loan | Permanent Location | Current Location | Date acquired | Total Checkouts | Full call number | Barcode | Date last seen | Date last checked out | Copy number | Price effective from | Koha item type |
|---|---|---|---|---|---|---|---|---|---|---|---|---|---|---|---|
| Military College of Engineering (MCE) | Military College of Engineering (MCE) | 09/05/2017 | 1 | P-735 | MCE-P-735 | 03/17/2020 | 03/16/2020 | Project | 09/05/2017 | Book |
